000 00445nam a22001817a 4500
003 CEME
005 20210628205900.0
008 210204b xxu||||| |||| 00| 0 eng d
040 _c.
082 _a297 ARM
100 _aArmstrong, Karen
_99646
245 _aKhuda kay leyaae jung
260 _aLAHORE
_bNAGARASAT
_c2004
300 _a456P
650 _aTHE BATTLE FOR GOD
_977386
700 _aMuhammad Ahsan Butt
_977387
942 _cBK
_2ddc
999 _c582664
_d582664